Cultural expectations of homeownership (Record no. 76543)

MARC details
000 -LEADER
fixed length control field 01912cab a2200265 4500
001 - CONTROL NUMBER
control field ##L132654
008 - FIXED-LENGTH DATA ELEMENTS--GENERAL INFORMATION
fixed length control field 060227n2006 000 0 eng u
035 ## - SYSTEM CONTROL NUMBER
System control number (Sirsi) u132654
041 0# - LANGUAGE CODE
Language code of text/sound track or separate title eng
100 1# - MAIN ENTRY--PERSONAL NAME
Personal name Robertson, Douglas
245 00 - TITLE STATEMENT
Title Cultural expectations of homeownership
Remainder of title explaining changing legal definitions of flat ownership within Britain
260 ## - PUBLICATION, DISTRIBUTION, ETC.
Date of publication, distribution, etc. 2006
490 #0 - SERIES STATEMENT
Series statement Housing Studies
Volume/sequential designation 21(1) January 2006, 35-52(18)
520 ## - SUMMARY, ETC.
Summary, etc. Traces the evolution of the legal definition of flat ownership in England, Wales and Scotland. Following the break up of private rented flats in England and Wales and Scotland two distinct property ownership systems emerged, both seeking to provide individual ownership of the flat and collective management of the block in which the flat was contained In England and Wales leasehold ownership retained the previous landlord tenant relationship through allowing positive covenants only to be enforced on the first purchaser of a flat and not subsequent purchasers. In Scotland where outright individual ownership of a flat is legally possible, the management arrangements covering common parts of the building have not proved satisfactory. Argues that neither legal arrangements have put in place an ownership of governance regime that matches popular cultural expectations of what individual home ownership should consist. References.
590 ## - LOCAL NOTE (RLIN)
Local note IKA280206
650 24 - SUBJECT ADDED ENTRY--TOPICAL TERM
Topical term or geographic name entry element LAW OF PROPERTY ACT 1925
650 24 - SUBJECT ADDED ENTRY--TOPICAL TERM
Topical term or geographic name entry element LEASEHOLD REFORM ACT 1967
650 24 - SUBJECT ADDED ENTRY--TOPICAL TERM
Topical term or geographic name entry element ABOLITION OF FEUDAL TENURE ETC (SCOTLAND) ACT 2000
650 24 - SUBJECT ADDED ENTRY--TOPICAL TERM
Topical term or geographic name entry element TENEMENTS (SCOTLAND) ACT 2004
650 24 - SUBJECT ADDED ENTRY--TOPICAL TERM
Topical term or geographic name entry element COMMONHOLD AND LEASEHOLD REFORM ACT 2002
650 24 - SUBJECT ADDED ENTRY--TOPICAL TERM
Topical term or geographic name entry element LEASEHOLD REFORM, HOUSING AND URBAN DEVELOPMENT ACT 1993
650 24 - SUBJECT ADDED ENTRY--TOPICAL TERM
Topical term or geographic name entry element LANDLORD AND TENANT ACT 1987
690 ## - LOCAL SUBJECT ADDED ENTRY--TOPICAL TERM (OCLC, RLIN)
Topical term or geographic name as entry element PROPERTY-RESIDENTIAL PROPERTY-RESIDENTIAL LANDLORD AND TENANT-RESIDENTIAL LANDLORD AND TENANT REFORM
942 ## - ADDED ENTRY ELEMENTS (KOHA)
Suppress in OPAC 0
Holdings
Withdrawn status Lost status Source of classification or shelving scheme Damaged status Not for loan Home library Current library Shelving location Date acquired Total Checkouts Full call number Barcode Date last seen Copy number Price effective from Koha item type
    Dewey Decimal Classification     London London Journal article 27/02/2006   L132654 132654-1001 06/08/2019 1 06/08/2019 Journal article